000
00274nam a22001211a 4500
999
_c
167744
_d
167744
082
_a
H2
_b
RAK /A
100
_a
Mohan Rakesh
245
_a
Ashadh ka ek din/
_c
by Mohan Rakesh.
260
_a
Delhi:
_b
Anitha,
_c
2002.
300
_a
111p.
650
_a
Drama Hindi
942
_c
BK